| 000 | 00425nam a2200145Ia 4500 | ||
|---|---|---|---|
| 008 | 231129s1996||||xx |||||||||||||| ||spa|| | ||
| 020 | _a84-481-0262-2 | ||
| 040 | _bspa | ||
| 082 | _a346.042 o75t | ||
| 100 | _aOrozco Pardo Guillermo | ||
| 245 | 0 | _aLa tutela civil y penal del patrimonio historico cultural o artistico | |
| 260 | _c1996 | ||
| 264 | _aMcGraw-Hill | ||
| 942 |
_2ddc _cBKS |
||
| 999 |
_c18368 _d18368 |
||